The beginning of the end? (Record no. 72304)
[ view plain ]
| 000 -LEADER | |
|---|---|
| fixed length control field | 01464cam a2200241 4500 |
| 001 - CONTROL NUMBER | |
| control field | ABS66544 |
| 008 - FIXED-LENGTH DATA ELEMENTS--GENERAL INFORMATION | |
| fixed length control field | 030313n2003 000 0 eng u |
| 035 ## - SYSTEM CONTROL NUMBER | |
| System control number | (Sirsi) u121622 |
| 100 ## - MAIN ENTRY--PERSONAL NAME | |
| Personal name | Atkinson, P. |
| 245 #4 - TITLE STATEMENT | |
| Title | The beginning of the end? |
| 260 ## - PUBLICATION, DISTRIBUTION, ETC. | |
| Date of publication, distribution, etc. | 2003 |
| 490 ## - SERIES STATEMENT | |
| Series statement | Estates Gazette |
| Volume/sequential designation | (0309) 1 March 2003, 13(1) |
| 520 ## - SUMMARY, ETC. | |
| Summary, etc. | Examines the proposed changes to the procedures for outline planning permissions as set out in the ODPM policy statement, "Sustainable communities: delivering through planning" and the Planning and Compulsory Purchase Bill. Government proposals include the introduction of 'statements of development principles', shortening the life of planning permissions and other consents and reducing the scope of applications under the Town and Country Planning Act 1990 s73. Highlights several advantages to the current system of outline planning permission as defined in the Town and Country Planning (General Development Procedure) Order 1995 and expresses concerns about the statements of development principles, such as their inflexibility. Concludes that the development industry will pay a price if the proposals go through. |
| 590 ## - LOCAL NOTE (RLIN) | |
| Local note | ABS |
| 650 ## - SUBJECT ADDED ENTRY--TOPICAL TERM | |
| Topical term or geographic name entry element | PLANNING AND COMPULSORY PURCHASE ACT 2004 |
| 650 ## - SUBJECT ADDED ENTRY--TOPICAL TERM | |
| Topical term or geographic name entry element | DEVELOPMENT INDUSTRY |
| 650 ## - SUBJECT ADDED ENTRY--TOPICAL TERM | |
| Topical term or geographic name entry element | PLANNING REFORM |
| 650 ## - SUBJECT ADDED ENTRY--TOPICAL TERM | |
| Topical term or geographic name entry element | STATEMENTS OF DEVELOPMENT PRINCIPLES |
| 650 ## - SUBJECT ADDED ENTRY--TOPICAL TERM | |
| Topical term or geographic name entry element | OUTLINE PLANNING PERMISSION |
| 690 ## - LOCAL SUBJECT ADDED ENTRY--TOPICAL TERM (OCLC, RLIN) | |
| Topical term or geographic name as entry element | PLANNING |
| 700 ## - ADDED ENTRY--PERSONAL NAME | |
| Personal name | Martin, J. |
| 942 ## - ADDED ENTRY ELEMENTS (KOHA) | |
| Suppress in OPAC | 0 |
| Withdrawn status | Lost status | Source of classification or shelving scheme | Damaged status | Not for loan | Home library | Current library | Shelving location | Date acquired | Total Checkouts | Full call number | Barcode | Date last seen | Copy number | Price effective from | Koha item type |
|---|---|---|---|---|---|---|---|---|---|---|---|---|---|---|---|
| Dewey Decimal Classification | London | London | Journal article | 13/03/2003 | ABS66544 | 121622-1001 | 06/08/2019 | 1 | 06/08/2019 | Journal article |